| 000 | 00434nam a2200169Ia 4500 | ||
|---|---|---|---|
| 008 | 100510t2007 xxu||||| |||| 00| 0 sin d | ||
| 041 | _asin | ||
| 080 |
_ax8S31 _bGUN |
||
| 100 | _aGunasekara, Manel Jayanthi | ||
| 245 | _aසුවඳ මලකි ඔබ | ||
| 246 | _aSuvanda Malaki Oba | ||
| 260 |
_bGodage _aColombo _c2007 |
||
| 300 | _a197p., 16 cm | ||
| 942 | _cBK | ||
| 999 |
_c72942 _d72942 |
||
| 003 | LK-CoDNM | ||
| 040 |
_aLK-CoDNM _dLK-CoDNM _eLK-CoDNM |
||